Асимптотическое поведение вариограммы в нуле (модель черный шум); Уфимский математический журнал; Т. 2, № 3

Dades bibliogràfiques
Parent link:Уфимский математический журнал
Т. 2, № 3.— 2010.— [С. 10-16]
Autor principal: Байков В. А. Виталий Анварович
Altres autors: Бакиров Н. К. Наиль Кутлужанович, Яковлев А. А. Андрей Александрович
Sumari:Заглавие с экрана
Известно, что большую роль в топологии и геометрии стационарных гауссовых случайных полей играет вторая производная ковариации в нуле. Исходя из внешней информации о реализации случайной функции в прикладных науках возникает вопрос ее учета, в частности, посредством задания степенного поведения в нуле. В данной работе предложена модель, обеспечивающая заданное асимптотическое поведение.
It is known, that the second derivative of the covariance function at zero plays a great role in topology and geometry of stationary random fields. Due to external information about a realization of a stochastic function, applied sciences face the problem of taking it into consideration, in particular, by specifying its power-mode behavior at zero. The given work suggests a model of a given asymptotic behavior.
Режим доступа: по договору с организацией-держателем ресурса
Idioma:rus
Publicat: 2010
Matèries:
Accés en línia:https://elibrary.ru/item.asp?id=15240751
Format: MixedMaterials Electrònic Capítol de llibre
KOHA link:https://koha.lib.tpu.ru/cgi-bin/koha/opac-detail.pl?biblionumber=661595

MARC

LEADER 00000naa0a2200000 4500
001 661595
005 20250416144148.0
035 |a (RuTPU)RU\TPU\network\32254 
035 |a RU\TPU\network\32252 
090 |a 661595 
100 |a 20200116d2010 k||y0rusy50 ca 
101 0 |a rus 
102 |a RU 
135 |a drnn ---uucaa 
181 0 |a i  
182 0 |a b 
200 1 |a Асимптотическое поведение вариограммы в нуле (модель черный шум)  |d Asymptotic behavior of the variogramm at zero  |f В. А. Байков, Н. К. Бакиров, А. А. Яковлев 
203 |a Текст  |c электронный 
300 |a Заглавие с экрана 
320 |a [Библиогр.: 16 назв.]. 
330 |a Известно, что большую роль в топологии и геометрии стационарных гауссовых случайных полей играет вторая производная ковариации в нуле. Исходя из внешней информации о реализации случайной функции в прикладных науках возникает вопрос ее учета, в частности, посредством задания степенного поведения в нуле. В данной работе предложена модель, обеспечивающая заданное асимптотическое поведение. 
330 |a It is known, that the second derivative of the covariance function at zero plays a great role in topology and geometry of stationary random fields. Due to external information about a realization of a stochastic function, applied sciences face the problem of taking it into consideration, in particular, by specifying its power-mode behavior at zero. The given work suggests a model of a given asymptotic behavior. 
333 |a Режим доступа: по договору с организацией-держателем ресурса 
461 |t Уфимский математический журнал 
463 |t Т. 2, № 3  |v [С. 10-16]  |d 2010 
510 1 |a Asymptotic behavior of the variogramm at zero  |z eng 
610 1 |a электронный ресурс 
610 1 |a труды учёных ТПУ 
610 1 |a геологическое моделирование 
610 1 |a многофакторные модели 
610 1 |a геологические модели 
610 1 |a нестационарные процессы 
610 1 |a вариограммы 
610 1 |a анизотропия 
610 1 |a спектральная теория 
610 1 |a стационарные поля 
610 1 |a случайные поля 
610 1 |a эйлеровы произведения 
610 1 |a фрактальная размерность 
700 1 |a Байков  |b В. А.  |g Виталий Анварович 
701 1 |a Бакиров  |b Н. К.  |g Наиль Кутлужанович 
701 1 |a Яковлев  |b А. А.  |c специалист в области нефтегазового дела  |c первый проректор, доцент Томского политехнического университета, доктор физико-математических наук  |f 1981-  |g Андрей Александрович  |3 (RuTPU)RU\TPU\pers\45818 
801 2 |a RU  |b 63413507  |c 20200116  |g RCR 
850 |a 63413507 
856 4 |u https://elibrary.ru/item.asp?id=15240751 
942 |c CF